01125nam a2200193Ia 4500001001000000003001000010008004100020040002500061041001300086100002400099245002800123250001100151260007900162300001200241500027000253501011400523520027000637650002400907L230-5598IT-CnALBA170116s9999||||xx |||||||||||||| ||und|| aIT-CnALBAcIT-CnALBA aITALIANO aBENI ARIALDO, MONS. 0aTEOLOGIA FONDAMENTALE.  a1a ed. a ROMAbCENTRO UT UNUM SINT c1968 [1° Ed.:1968 - Ed.Ling.Originale: 1968] a138 p.  aCRISTIANESIMO E RIVELAZIONE DIVINA. TEOLOGIA, RIVELAZIONE. STORIA DELLA RIVELAZIONE. TEOLOGIA E SCIENZA. TEOLOGIA FONDAMENTALE. VANGELI. PERSONALITÀ DI GESÙ. MORTE E RISURREZIONE DI GESÙ CRISTO. MIRACOLI E PROFEZIE DI GESÙ CRISTO. SEGNI DELLA VERITÀ DI CR aSocietà San Paolo EM - Piazza San Paolo, 14 - 12051 ALBA (CN) (non commercial uses only) ® Copyright 2017 aCRISTIANESIMO E RIVELAZIONE DIVINA. TEOLOGIA, RIVELAZIONE. STORIA DELLA RIVELAZIONE. TEOLOGIA E SCIENZA. TEOLOGIA FONDAMENTALE. VANGELI. PERSONALITÀ DI GESÙ. MORTE E RISURREZIONE DI GESÙ CRISTO. MIRACOLI E PROFEZIE DI GESÙ CRISTO. SEGNI DELLA VERITÀ DI CR aDOGMATICA CRISTIANA